00345nam a2200121 a 4500001000400000003000500004005001700009008004100026040002000067100002900087245008700116260002000203816CDMR20130221173448.0130130s1973||||||||||||||||||||||||||||d aCDMRbcatcCDMR1 aÁlvarez Moline, Emilio14aEl "Diario de Barcelona" durante la ocupación francesa...cEmilio Alvarez Moline aBarcelonac1973